相生線の駅 - Statistics

General Stats
  • This quiz has been taken 10 times
  • The average score is 4 of 8
Answer Stats
Answer % Correct
北見相生
100%
美幌
71%
津別
57%
上美幌
43%
活汲
43%
恩根
43%
本岐
43%
布川
43%
No matching quizzes found
Score Distribution
Percent of People with Each Score
Percentile by Number Answered
Your Score History
You have not taken this quiz